[Event "Bayern-chI Bank Hofmann 16th"]
[Site "Bad Wiessee"]
[Date "2012.11.03"]
[Round "8"]
[White "Nisipeanu, Liviu Dieter"]
[Black "Landa, Konstantin"]
[Result "1/2-1/2"]
[WhiteElo "2661"]
[BlackElo "2641"]
[PlyCount "37"]
[EventDate "2012.10.27"]
[EventType "swiss"]
[EventRounds "9"]
[EventCountry "GER"]
[SourceTitle "EXT 2013"]
[Source "ChessBase"]
[SourceDate "2012.11.22"]
[SourceVersion "1"]
[SourceVersionDate "2012.11.22"]
[SourceQuality "1"]

1. d4 d5 2. c4 e6 3. Nc3 Be7 4. cxd5 exd5 5. Bf4 c6 6. Qc2 Bd6 7. Bxd6 Qxd6 8. e3 Ne7 9. Bd3 g6 10. Nf3 Bf5 11. Bxf5 Nxf5 12. O-O O-O 13. e4 dxe4 $146 ({RR} 13... Ne7 14. e5 Qe6 15. b4 Nd7 16. Rfe1 Nf5 17. Ne2 Qe7 18. Qd2 Nb6 19. Ng3 Nh4 20. Qh6 Nxf3+ 21. gxf3 f5 22. Kh1 Qg7 23. Qh3 Kh8 24. Rg1 Nc4 25. Nh5 Qh6 26. Nf4 Qxf4 27. Rxg6 Nd2 28. Rg3 {De Block,F (2081)-Beukema,J (2388) Belgium BEL 2025 0-1}) 14. Nxe4 Qf4 15. d5 Nd6 16. Nxd6 Qxd6 17. Qb3 cxd5 18. Qxb7 Nc6 19. Rac1 1/2-1/2

[Event "EU-ch 14th"]
[Site "Legnica"]
[Date "2013.05.07"]
[Round "3"]
[White "Volkov, Sergey"]
[Black "Ivanisevic, Ivan"]
[Result "1-0"]
[WhiteElo "2610"]
[BlackElo "2655"]
[PlyCount "75"]
[EventDate "2013.05.05"]
[EventType "swiss"]
[EventRounds "11"]
[EventCountry "POL"]
[SourceTitle "CBM 155"]
[Source "ChessBase"]
[SourceDate "2013.07.16"]
[SourceVersion "1"]
[SourceVersionDate "2013.07.16"]
[SourceQuality "1"]

1. d4 d5 2. c4 e6 3. Nc3 a6 4. cxd5 exd5 5. Bf4 Nf6 6. e3 Bd6 7. Bg3 O-O 8. Bd3 Bg4 ({RR} 8... Re8 9. Qc2 Nc6 10. Be2 Nb4 11. Qb3 c5 12. Bxd6 Qxd6 13. dxc5 Qxc5 14. Nf3 Be6 15. Nd4 Nc6 16. Rd1 Nxd4 17. Rxd4 Ne4 18. Bf3 Rac8 19. O-O Nxc3 20. bxc3 b5 21. Rc1 Red8 22. Qd1 Rd7 23. h4 {Nakamura,H (2736)-Le,Q (2709) chess24.com INT 2021 ½-½ (93)}) ({RR} 8... c6 9. Nge2 Re8 10. Qc2 Bg4 11. f3 Bh5 12. Bf2 c5 13. g4 Bg6 14. h4 Nc6 15. h5 Nb4 16. Bxg6 Nxc2+ 17. Bxc2 cxd4 18. Nxd4 Bc5 19. O-O-O Rc8 20. g5 Nd7 21. f4 Nb6 22. g6 fxg6 23. hxg6 {Rojas Alarcon,J (2365)-Shevchenko,Y (2137) chess.com INT 2025 1-0 (43)}) 9. Nge2 Re8 $146 ({RR} 9... c5 10. dxc5 Bxc5 11. Qc2 Nc6 12. a3 Ba7 13. Bh4 h6 14. O-O Re8 15. Bxf6 Qxf6 16. Nxd5 Qd6 17. Nec3 Rad8 18. Bf5 Bb8 19. f4 Bxf5 20. Qxf5 Ne7 21. Nxe7+ Qxe7 22. e4 Ba7+ 23. Kh1 Bd4 24. e5 {Tologontegin,S (2337)-Gomez Falagan,D (2256) chess.com INT 2024 1-0 (63)}) ({RR} 9... Bh5 10. Qc2 Bg6 11. Bxd6 Qxd6 12. Nf4 Nc6 13. Bxg6 hxg6 14. Nd3 Rfe8 {0-1 (14) Bongo Akanga Ndjila,B (1894)-Md,B (2140) chess.com INT 2024}) 10. Rc1 Bxe2 11. Nxe2 c6 12. Qb3 Qa5+ 13. Nc3 Bxg3 14. hxg3 b5 15. O-O Qd8 16. Rfe1 Ra7 17. e4 Rae7 18. e5 Nfd7 19. Qc2 g6 20. f4 f6 21. Qf2 Qb6 22. b4 a5 23. bxa5 Qxa5 24. Bxb5 fxe5 25. dxe5 Rf8 26. e6 Nf6 27. Bd3 Na6 28. f5 Nb4 29. Bb1 gxf5 30. Bxf5 Ne4 31. Nxe4 Nd3 32. Qe3 dxe4 33. Qg5+ Kh8 34. Qxe7 Rxf5 35. Rb1 Nb2 36. Rxe4 Qd2 37. Qe8+ Kg7 38. Qd7+ 1-0

[Event "ISL-chT 1314"]
[Site "Reykjavik"]
[Date "2013.10.13"]
[Round "5.2"]
[White "Jones, Gawain C B"]
[Black "Oleksienko, Mikhailo"]
[Result "1/2-1/2"]
[WhiteElo "2638"]
[BlackElo "2608"]
[PlyCount "42"]
[EventDate "2013.10.10"]
[EventType "team-tourn"]
[EventRounds "9"]
[EventCountry "ISL"]
[SourceTitle "EXT 2014"]
[Source "ChessBase"]
[SourceDate "2013.11.20"]
[SourceVersion "1"]
[SourceVersionDate "2013.11.20"]
[SourceQuality "1"]
[WhiteTeam "Hellir"]
[BlackTeam "Reykjavik"]
[WhiteTeamCountry "ISL"]
[BlackTeamCountry "ISL"]

1. d4 d5 2. c4 e6 3. Nc3 Be7 4. Qc2 Nf6 5. cxd5 Nxd5 ({RR} 5... exd5 6. e3 c6 7. Bd3 O-O 8. Nge2 Bd6 9. Ng3 g6 10. O-O Kh8 11. Nce2 Re8 12. f3 Bc7 13. Qc3 Nbd7 14. e4 Nf8 15. e5 Ng8 16. f4 Bb6 17. Kh1 Qh4 18. f5 Qe7 19. b4 a5 20. Ba3 {Mu,W (1941)-Dong,J (1672) Shenzhen CHN 2026 1-0}) 6. Nf3 O-O 7. e3 ({RR} 7. g3 Nc6 8. Bg2 Ndb4 9. Qb3 Nxd4 10. Nxd4 Qxd4 11. Be3 Qe5 12. a3 Na6 13. O-O c6 14. Rfd1 Qf5 15. Ne4 e5 16. Nd6 Bxd6 17. Rxd6 Nc7 18. Rad1 Nb5 19. R6d3 a5 20. Rd8 Be6 21. Rxf8+ Rxf8 {Ivanchuk,V (2679)-Bacrot,E (2669) Zagreb 2019 ½-½}) 7... b6 8. Nxd5 $146 ({RR} 8. a3 Nxc3 9. bxc3 Bb7 10. Bd3 h6 11. Qe2 c5 12. O-O Nd7 13. e4 Re8 14. Bd2 Qc7 15. a4 a5 16. Rab1 Bc6 17. Bb5 Nf6 18. Rfe1 Bxb5 19. Qxb5 Rec8 20. Ne5 Bd6 21. f4 Rab8 22. Nd3 Nd7 {Deuer,M (2344)-Craciun,S (2002) Mamaia 2022 1-0 (57)}) ({RR} 8. a3 Nxc3 9. bxc3 Bb7 10. Bd3 h6 11. Qe2 c5 12. O-O Nd7 13. e4 Re8 14. Bd2 Qc7 15. a4 a5 16. Rab1 Bc6 17. Bb5 Nf6 18. Rfe1 Bxb5 19. Qxb5 Rec8 20. Ne5 Bd6 21. f4 Rab8 22. Nd3 Nd7 {Deuer,M (2344)-Craciun,S (2002) Mamaia 2022 1-0 (57)}) 8... exd5 9. Bd3 h6 10. Bd2 Bb7 11. Ne5 c5 12. O-O Nd7 13. Nxd7 Qxd7 14. Rfd1 Bd6 15. b3 f5 16. Be2 Rac8 17. dxc5 bxc5 18. Bf3 f4 19. exf4 Bxf4 20. Bxf4 Rxf4 21. Rd3 d4 1/2-1/2

[Event "WchT 9th"]
[Site "Antalya"]
[Date "2013.11.30"]
[Round "5.3"]
[White "Nepomniachtchi, Ian"]
[Black "Fridman, Daniel"]
[Result "1/2-1/2"]
[WhiteElo "2721"]
[BlackElo "2600"]
[PlyCount "82"]
[EventDate "2013.11.26"]
[EventType "team-tourn"]
[EventRounds "9"]
[EventCountry "TUR"]
[SourceTitle "CBM 158"]
[Source "ChessBase"]
[SourceDate "2014.01.16"]
[SourceVersion "1"]
[SourceVersionDate "2014.01.16"]
[SourceQuality "1"]
[WhiteTeam "Russia"]
[BlackTeam "Germany"]
[WhiteTeamCountry "RUS"]
[BlackTeamCountry "GER"]

1. c4 e6 2. Nc3 d5 3. d4 Be7 4. cxd5 exd5 5. Bf4 c6 6. e3 Bd6 7. Bxd6 Qxd6 8. Bd3 Ne7 9. Qf3 ({RR} 9. Qc2 b6 10. e4 dxe4 11. Nxe4 Qb4+ 12. Nd2 Ba6 13. Ngf3 Bxd3 14. Qxd3 Nd7 15. O-O O-O 16. Ne4 Qa5 17. Rfe1 Qd5 18. Nc3 Qd6 19. Ne4 Qd5 20. Rad1 Ng6 21. Nc3 Qd6 22. d5 Nf6 23. Ne4 Nxe4 {Svidler,P (2747)-Jakovenko,D (2734) Loo 2013 ½-½ (38)}) ({RR} 9. Qc2 Qf6 10. Nf3 Bf5 11. O-O O-O 12. Rab1 Nd7 13. b4 a6 14. a4 b5 15. Rfc1 Bxd3 16. Qxd3 Nb6 17. axb5 axb5 18. e4 Nc4 19. exd5 Nxd5 20. Ne5 Ra3 21. Nxc4 bxc4 22. Qxc4 Nf4 23. Ne4 Qg6 {Krudde,F (2226)-Papasimakopoulos,A (2360) chess.com INT 2026 0-1}) 9... Nd7 10. Nge2 Nf6 11. h3 Ng6 $146 ({RR} 11... O-O 12. g4 Ng6 13. g5 Nh4 14. Qg3 Qxg3 15. Nxg3 Nf3+ 16. Ke2 Nxg5 17. Nf5 Bxf5 18. Bxf5 g6 19. Rhg1 Nge4 20. Bxe4 Nxe4 21. Nxe4 dxe4 22. Rac1 Rad8 23. Rc5 f6 24. b4 Rf7 25. a4 Rd5 26. Rxd5 {Muzychuk,A (2529)-Magalashvili,D (2461) Tbilisi 2010 ½-½ (39)}) 12. Qg3 Qxg3 13. Nxg3 O-O 14. b4 Be6 15. a4 a5 16. Rb1 b6 17. bxa5 bxa5 18. Nge2 Rfb8 19. Nc1 Nd7 20. Nb3 Rb4 21. Kd2 Ne7 22. g4 Nc8 23. f4 f6 24. Na1 Nd6 25. Nc2 Rbb8 26. Rxb8+ Rxb8 27. Rb1 Rxb1 28. Nxb1 f5 29. gxf5 Bxf5 30. Bxf5 Nxf5 31. Nc3 Nb6 32. Kd3 Nc4 33. Nd1 Nfd6 34. Na1 Kf7 35. Nb3 Ke7 36. Nc5 g6 37. Nf2 h5 38. Ke2 Nf5 39. Nd1 Nfd6 40. Nf2 Nf5 41. Nd1 Nfd6 1/2-1/2

[Event "Netanya Masters"]
[Site "Netanya"]
[Date "2019.07.01"]
[Round "8"]
[White "Eljanov, Pavel"]
[Black "Nabaty, Tamir"]
[Result "1-0"]
[WhiteElo "2655"]
[BlackElo "2678"]
[PlyCount "79"]
[EventDate "2019.06.23"]
[EventType "tourn"]
[EventRounds "9"]
[EventCountry "ISR"]
[EventCategory "18"]
[SourceTitle "CBM 191"]
[Source "ChessBase"]
[SourceDate "2019.08.31"]
[SourceVersion "1"]
[SourceVersionDate "2019.08.31"]
[SourceQuality "1"]

1. d4 d5 2. c4 e6 3. Nc3 a6 4. cxd5 exd5 5. Nf3 Be6 6. Ng5 ({RR} 6. Bf4 Bd6 7. Bg3 Ne7 8. e3 O-O 9. Bd3 Bf5 10. Nxd5 Bxd3 11. Nxe7+ Bxe7 12. Qxd3 Bb4+ 13. Ke2 Re8 14. Rhc1 Bd6 15. Kf1 Nd7 16. Bxd6 cxd6 17. Rc2 Rc8 18. Rac1 Rxc2 19. Qxc2 Qb6 20. Qb3 Qa5 {Bluebaum,M (2694)-Le Tuan Minh (2585) chess.com INT 2026 1-0 (60)}) 6... Bc8 7. Nf3 $146 Be6 8. Ng5 Bc8 9. Qb3 h6 10. Nf3 Nf6 11. Bf4 c5 ({RR} 11... Nc6 12. e3 Be7 13. Bd3 O-O 14. O-O Na5 15. Qc2 c6 16. h3 b5 17. Ne5 Bd7 18. b3 Nb7 19. Ne2 Nd6 20. Rac1 Rc8 21. Ng3 Re8 22. Nxd7 Nxd7 23. Qb1 c5 24. dxc5 Nxc5 25. Bc2 Bg5 26. Bxd6 {Sarana,A (2686)-Skvortsov,A (2330) chess.com INT 2026 ½-½ (76)}) 12. dxc5 Bxc5 13. e3 Nc6 14. Be2 O-O 15. O-O b5 16. Rac1 Bb6 17. Ne5 Ne7 18. Bf3 Be6 19. Qa3 Nf5 20. Rfd1 Re8 21. Ne2 Nh4 22. Nd4 Nxf3+ 23. Nexf3 Ne4 24. Nc6 Qd7 25. Nfd4 g5 26. Bg3 Bg4 27. Re1 Nxg3 28. hxg3 Bh5 29. Qb3 Rac8 30. a4 Bxd4 31. Nxd4 bxa4 32. Qb6 Bg6 33. Qxa6 Rb8 34. Rc6 Kh7 35. Rec1 Rxb2 36. Rc7 Qd8 37. R1c6 Rb1+ 38. Kh2 Rg8 39. Rxg6 Rxg6 40. Rxf7+ 1-0

[Event "German Masters"]
[Site "Magdeburg"]
[Date "2019.05.29"]
[Round "4"]
[White "Bluebaum, Matthias"]
[Black "Meier, Georg"]
[Result "1/2-1/2"]
[WhiteElo "2618"]
[BlackElo "2636"]
[PlyCount "65"]
[EventDate "2019.05.26"]
[EventType "tourn"]
[EventRounds "7"]
[EventCountry "GER"]
[EventCategory "14"]
[SourceTitle "CBM 190 Extra"]
[Source "ChessBase"]
[SourceDate "2019.07.15"]
[SourceVersion "1"]
[SourceVersionDate "2019.07.15"]
[SourceQuality "1"]

1. d4 d5 2. c4 e6 3. Nc3 Be7 4. cxd5 exd5 5. Bf4 c6 6. Qc2 Nf6 7. h3 Qa5 8. e3 Ne4 9. Bd3 Bf5 10. a3 Na6 11. Ra2 Nxc3 12. bxc3 Bxd3 13. Qxd3 Nb8 $146 ({RR} 13... O-O 14. Ne2 c5 15. O-O Rac8 16. Rb1 b6 17. a4 Nc7 18. Bxc7 Rxc7 19. Rb5 Qa6 20. a5 bxa5 21. Raxa5 Qc8 22. Rb1 Rd8 23. Qa6 Qf5 24. Rb7 Bd6 25. Rab5 Rcc8 26. Rb2 cxd4 27. cxd4 Bb8 28. Qa2 {Esipenko,A (2593)-Tang,A (2489) Manavgat 2018 1-0 (37)}) ({RR} 13... O-O 14. Nf3 Nc7 15. Bxc7 Qxc7 16. O-O Bd6 17. a4 Qe7 18. c4 dxc4 19. Qxc4 Rac8 20. Re1 Rfd8 21. e4 Rd7 22. Rae2 Bb4 23. Rd1 Ba5 24. g3 Rcd8 25. Kg2 Qb4 26. Qa2 Bb6 27. Red2 Re7 28. Qc2 {Bluebaum,M (2660)-Tang,A (2538) chess24.com INT 2020 1-0 (40)}) 14. Nf3 Nd7 15. O-O O-O 16. c4 dxc4 17. Qxc4 Nb6 18. Qb3 c5 19. dxc5 Bxc5 20. a4 Rac8 21. Be5 Bb4 22. Rb1 Bc3 23. Qb5 Qxb5 24. axb5 Bxe5 25. Nxe5 Rc5 26. Nd3 Rc3 27. Nf4 Nc8 28. Rd2 Rc7 29. Rbd1 Nb6 30. Ra2 Nc8 31. Rad2 Nb6 32. Ra2 Nc8 33. Rad2 1/2-1/2

[Event "POL-chT Ekstraliga"]
[Site "Katowice"]
[Date "2019.09.02"]
[Round "6.2"]
[White "Wojtaszek, Radoslaw"]
[Black "Piorun, Kacper"]
[Result "1-0"]
[WhiteElo "2739"]
[BlackElo "2660"]
[PlyCount "95"]
[EventDate "2019.08.28"]
[EventType "team-tourn"]
[EventRounds "9"]
[EventCountry "POL"]
[SourceTitle "EXT 2020"]
[Source "ChessBase"]
[SourceDate "2019.10.17"]
[SourceVersion "1"]
[SourceVersionDate "2019.10.17"]
[SourceQuality "1"]
[WhiteTeam "Katowice Wasko"]
[BlackTeam "Gorzow Wlkp Stilon"]
[WhiteTeamCountry "POL"]
[BlackTeamCountry "POL"]

1. d4 d5 2. c4 e6 3. Nc3 a6 4. cxd5 exd5 5. Bf4 c6 6. e3 Bd6 7. Qf3 Ne7 8. Bd3 Bf5 9. Bxf5 ({RR} 9. Be2 O-O 10. g4 Be6 11. h3 Ng6 12. Bxd6 Qxd6 13. h4 Ne7 14. Nh3 Nd7 15. Nf4 Ng6 16. Nd3 f5 17. g5 f4 18. Qg2 fxe3 19. fxe3 Bf5 20. h5 Ne7 21. O-O-O Rae8 22. Rhf1 Qe6 23. Qg3 Nc8 {Wang,S (2437)-Masague Artero,G (2399) chess.com INT 2026 1-0 (46)}) 9... Nxf5 10. Nge2 Nd7 $146 ({RR} 10... O-O 11. h3 Re8 12. g4 Bxf4 13. gxf5 Bh6 14. Rg1 Nd7 15. O-O-O Nf6 16. Ng3 Rc8 17. Nh5 Nxh5 18. Qxh5 Qf6 19. Kb1 b5 20. Ne2 a5 21. Ng3 c5 22. Qf3 c4 23. Nh5 Qe7 24. Nxg7 Bxg7 25. f6 {Klukin,K (2390)-Tologontegin,S (2368) chess.com INT 2023 1-0 (71)}) ({RR} 10... O-O 11. h3 Re8 12. g4 Bxf4 13. gxf5 Bh6 14. Rg1 Nd7 15. O-O-O Nf6 16. Ng3 Rc8 17. Nh5 Nxh5 18. Qxh5 Qf6 19. Kb1 b5 20. Ne2 a5 21. Ng3 c5 22. Qf3 c4 23. Nh5 Qe7 24. Nxg7 Bxg7 25. f6 {Klukin,K (2390)-Tologontegin,S (2368) chess.com INT 2023 1-0 (71)}) 11. h4 Bxf4 12. Qxf4 Ne7 13. h5 h6 14. f3 Qb8 15. Qg4 Qd6 16. e4 dxe4 17. fxe4 O-O 18. O-O c5 19. Rad1 Rad8 20. e5 Qe6 21. Qxe6 fxe6 22. dxc5 Rxf1+ 23. Kxf1 Nc6 24. Ne4 Ndxe5 25. Rxd8+ Nxd8 26. Nf4 Kf7 27. Ke2 Nec6 28. a3 e5 29. Nd5 Ke6 30. Ne3 Nd4+ 31. Kd3 N8c6 32. g4 Ne7 33. b4 Nd5 34. Nxd5 Kxd5 35. Nc3+ Ke6 36. a4 Nf3 37. Nd1 Nd4 38. Ne3 Kf6 39. Ke4 Kg5 40. Nf5 Nc6 41. b5 axb5 42. axb5 Na7 43. Nd6 Kxg4 44. b6 Nc6 45. Nxb7 Kxh5 46. Nd6 g5 47. b7 g4 48. Nf5 1-0

[Event "EU-ch 20th"]
[Site "Skopje"]
[Date "2019.03.29"]
[Round "11"]
[White "Anton Guijarro, David"]
[Black "Oparin, Grigoriy"]
[Result "1/2-1/2"]
[WhiteElo "2643"]
[BlackElo "2613"]
[PlyCount "71"]
[EventDate "2019.03.18"]
[EventType "swiss"]
[EventRounds "11"]
[EventCountry "MKD"]
[Tiebreak "Sum of Buchholz"]
[SourceTitle "CBM 189"]
[Source "ChessBase"]
[SourceDate "2019.04.29"]
[SourceVersion "1"]
[SourceVersionDate "2019.04.29"]
[SourceQuality "1"]

1. c4 e6 2. Nc3 d5 3. d4 Be7 4. cxd5 exd5 5. Bf4 c6 6. e3 Bf5 7. Nge2 Nd7 8. h4 g6 ({RR} 8... Ngf6 9. f3 h5 10. Ng3 Bg6 11. Bd3 Nf8 12. Nf5 Ne6 13. Bg3 Bxf5 14. Bxf5 Bd6 15. Bf2 Qe7 16. g3 Rd8 17. Bh3 Qc7 18. Ne2 O-O 19. O-O Rfe8 20. Rc1 Re7 21. Qd2 Rde8 22. b4 a6 23. Kg2 {Stockfish dev-20240728-2343f7 (3662)-LCZero 0.31-dag-5350a2e-BT4-6 (3631) tcec-chess.com INT 2024 ½-½ (51)}) ({RR} 8... h5 9. Ng3 Bg6 10. Bd3 Nf8 11. Bxg6 Nxg6 12. Nxh5 Nxf4 13. Nxf4 Rxh4 14. Rxh4 Bxh4 15. Qh5 Bf6 16. Ne6 Qc8 17. Nc5 g6 18. Qh2 b6 19. Nd3 Qf5 20. O-O-O Ne7 21. Qh7 Rc8 22. Qh2 Kf8 23. f3 {Oparin,G (2652)-Muradli,M (2449) Chess.com INT 2020 1-0 (86)}) 9. Ng3 Be6 10. e4 $146 ({RR} 10. Qb3 Qb6 11. Qc2 Qd8 12. Qb3 Qb6 13. Qc2 Qd8 14. e4 Nb6 15. h5 g5 16. Be3 dxe4 17. Ngxe4 Nd5 18. Nxd5 Bxd5 19. Nc3 h6 20. Nxd5 cxd5 21. Bd3 Nf6 22. Bf5 O-O 23. O-O-O Ne4 24. Kb1 Nd6 {Karthik,V (2563)-Jin,Y (2398) Doha QAT 2023 ½-½ (40)}) ({RR} 10. Bd3 Bxh4 11. Qb3 Nb6 12. a4 Bxg3 13. Bxg3 Qe7 14. a5 Nc4 15. Na4 Nxa5 16. Qc3 b6 17. b4 Nb7 18. Nxb6 Rd8 19. Rxa7 Nf6 20. Qxc6+ Kf8 21. Rxb7 Qxb4+ 22. Ke2 {1-0 (22) Vogel,R (2529)-Esipenko,A (2698) chess.com INT 2026}) ({RR} 10. Qb3 Qb6 11. Qc2 h5 12. Bd3 Qd8 13. e4 dxe4 14. Ngxe4 Nh6 15. Ng5 Bf5 16. O-O-O Kf8 17. d5 c5 18. d6 Bf6 19. Nd5 Bxd3 20. Rxd3 Nf5 21. Nc7 Nd4 22. Rxd4 cxd4 23. Nxf7 Kxf7 24. Qb3+ Kg7 {Vidit,S (2707)-Dai,C (2480) Xingtai 2019 1-0}) 10... dxe4 11. Ngxe4 Ngf6 12. Nd6+ Kf8 13. Qd2 Nd5 14. Nxb7 Qb6 15. Bh6+ Ke8 16. Nc5 Rb8 17. N3a4 Qb4 18. Qxb4 Rxb4 19. a3 Nxc5 20. axb4 Nb3 21. Rd1 Bxb4+ 22. Ke2 Kd7 23. Nc5+ Nxc5 24. dxc5 Bxc5 25. Kf3 Rb8 26. Bc4 Rxb2 27. Rd2 Rb4 28. Rc1 Bb6 29. Bf8 Ra4 30. Ra2 Rxa2 31. Bxa2 h5 32. Bc5 Bg4+ 33. Ke4 Be6 34. Kf3 Bg4+ 35. Ke4 Be6 36. Kf3 1/2-1/2

[Event "FIDE World Cup"]
[Site "Tromsoe"]
[Date "2013.08.13"]
[Round "1.4"]
[White "Beliavsky, Alexander G"]
[Black "Yu, Yangyi"]
[Result "0-1"]
[WhiteElo "2651"]
[BlackElo "2662"]
[PlyCount "38"]
[EventDate "2013.08.11"]
[EventType "k.o."]
[EventRounds "7"]
[EventCountry "NOR"]
[SourceTitle "CBM 156"]
[Source "ChessBase"]
[SourceDate "2013.09.17"]
[SourceVersion "1"]
[SourceVersionDate "2013.09.17"]
[SourceQuality "1"]

1. d4 {Lautier,Joel} d5 2. c4 e6 3. Nc3 Bb4 4. a3 Bxc3+ 5. bxc3 c5 6. e3 Ne7 7. Bd3 ({RR} 7. cxd5 exd5 8. Bd3 O-O 9. Ne2 Bf5 10. f3 Bxd3 11. Qxd3 Nd7 12. O-O Rc8 13. e4 Re8 14. e5 Qc7 15. Bf4 Qc6 16. Rab1 Nb6 17. Bg5 Qg6 18. Qxg6 Nxg6 19. f4 h6 20. f5 Nxe5 21. dxc5 Rxc5 {Grebennikov,N (2199)-Kraus,T (2420) Teplice CZE 2025 0-1 (35)}) 7... dxc4 ({RR} 7... Qc7 8. cxd5 exd5 9. Ne2 Bf5 10. Bxf5 Nxf5 11. O-O O-O 12. Nf4 ({RR} 12. f3) 12... Ne7 13. c4 dxc4 ({RR} 13... cxd4 14. cxd5 dxe3 15. d6) 14. d5 Ng6 15. Nh5 Qe5 ({RR} 15... Nd7 16. Bb2 f6 ({RR} 16... Nde5 17. f4) 17. f4 Rae8 18. Qf3 b5 19. e4 ({RR} 19. Rac1 Nb6 20. e4 b4 21. axb4 cxb4 22. Bd4 c3) 19... b4 20. axb4 cxb4 21. Bd4 Nc5) 16. Rb1 Rd8 17. Qg4 ({RR} 17. Rxb7 Qxd5 18. Qxd5 Rxd5 19. g4 c3 ({RR} 19... Nc6 20. Bb2 Nce5 21. h3) 20. Rb3 Nd7 ({RR} 20... Rd3 21. Bb2) 21. Rxc3 Nde5 22. e4 ({RR} 22. h3 Rad8 23. f4 Nd3) 22... Rd4 23. Rxc5 Rxe4 24. h3) 17... Nd7 ({RR} 17... Qxd5 18. Bb2 Qd7 19. Qxc4) 18. e4 b6 19. Bb2 c3 20. Ba1 c4 21. Qf3 ({RR} 21. Rbc1 Nc5 22. Rfe1 Na4 ({RR} 22... Nd3 23. Bxc3 Qe7 24. Nxg7 Nxe1 ({RR} 24... Nxc1 25. Nf5 Qxa3 26. Nh6+ Kf8 27. Qf5 Qe7 28. Bb4) 25. Rxe1 ({RR} 25. Nf5 Qxa3 26. Nh6+ Kf8 27. Qf5 Nf3+) 25... Qxa3 26. Qg3 b5 27. Nf5 b4 28. Nh6+ Kf8 29. Qc7) 23. Re3 Re8 ({RR} 23... Qd4 24. Rexc3 ({RR} 24. Bxc3 Nxc3 25. Rexc3 ({RR} 25. Rcxc3 Rxd5) 25... b5 ({RR} 25... Rxd5 26. Rxc4 Rc5 27. Rxd4 Rxc1+ 28. Rd1)) 24... Nxc3 25. Bxc3 Qc5 26. Nxg7 Qxa3 27. Qg5) 24. Bxc3 Nxc3 25. Rcxc3 b5) 21... f6 ({RR} 21... Nc5 22. Bxc3 Qxe4 23. Nf6+ gxf6 24. Qxf6 Kf8 25. Rfe1) 22. Bxc3 {Shirov,A (2715)-Lautier,J (2625) Linares 1994 CBM 040 [Lautier,Joel] 0-1 (61)}) 8. Bxc4 Qc7 9. Qe2 $146 ({RR} 9. Ba2 b6 10. Ne2 Bb7 11. O-O Nd7 12. f3 O-O 13. e4 Ng6 14. Bg5 Rac8 15. h4 cxd4 16. cxd4 Ba6 17. h5 Bxe2 18. Qxe2 Nf4 19. Qd1 Ng6 20. Qe2 Nf4 21. Qf2 h6 22. Be7 Rfe8 23. Bb4 Nf6 {Navara,D (2689)-Nabaty,T (2632) Czech Republic CZE 2024 0-1 (34)}) ({RR} 9. Ba2 b6 10. Ne2 Bb7 11. O-O O-O 12. Bb2 Nd7 13. Qd3 Nf6 14. f3 Rad8 15. e4 Ng6 16. Qe3 Ba6 17. Rfd1 Qc6 18. Bb3 Rd7 19. a4 Rfd8 20. Ng3 Qc7 21. a5 b5 22. Nh1 Nf4 23. g3 Ng6 {Agdestein,S (2627)-Rahman,Z (2499) Caleta 2014 ½-½ (53)}) 9... O-O 10. Bb2 Nbc6 11. Nf3 e5 12. Rd1 Bg4 13. d5 e4 14. dxc6 exf3 15. gxf3 Qxc6 16. e4 Be6 17. Bb5 Qc7 18. c4 a6 19. Ba4 Qa5+ 0-1

[Event "Biel Breisacher Memorial"]
[Site "Biel"]
[Date "2013.07.25"]
[Round "4"]
[White "Moiseenko, Alexander"]
[Black "Bacrot, Etienne"]
[Result "1/2-1/2"]
[WhiteElo "2699"]
[BlackElo "2714"]
[PlyCount "68"]
[EventDate "2013.07.22"]
[EventType "tourn"]
[EventRounds "10"]
[EventCountry "SUI"]
[EventCategory "19"]
[SourceTitle "CBM 156"]
[Source "ChessBase"]
[SourceDate "2013.09.17"]
[SourceVersion "1"]
[SourceVersionDate "2013.09.17"]
[SourceQuality "1"]

1. d4 d5 2. c4 e6 3. Nc3 Be7 4. cxd5 exd5 5. Bf4 c6 6. e3 Bf5 7. Nge2 Nd7 8. Rc1 ({RR} 8. f3 Nb6 9. Ng3 Bg6 10. Be2 Bd6 11. Bxd6 Qxd6 12. O-O Ne7 13. Qd2 O-O 14. e4 f6 15. Rad1 Rad8 16. Kh1 Kh8 17. a3 Rfe8 18. Rfe1 Nec8 19. Bf1 Re7 20. Qf2 Rde8 21. h3 Qb8 22. Bd3 Qf4 {Moiseenko,A (2635)-Kolbus,D (2300) Douglas 2019 1-0 (44)}) 8... h5 $146 ({RR} 8... Qb6 9. Qd2 Ngf6 10. Ng3 Bg6 11. Be2 O-O 12. h4 h6 13. h5 Bh7 14. O-O Rfe8 15. Bd3 Bxd3 16. Qxd3 Bf8 17. Rc2 Re6 18. Qf5 Rae8 19. Rd1 Bd6 20. Nce2 Qd8 21. Qh3 Bf8 22. Nc1 Ne4 23. Nf5 {Hort,V-Ostojic,P Gloggnitz 1971 1-0 (62)}) ({RR} 8... Ngf6 9. Ng3 Bg6 10. h4 h5 11. Be2 Qb6 12. Qd2 Ng4 13. Bg5 Bd6 14. Bf4 Be7 15. Bg5 Qd8 16. f3 Ngf6 17. O-O Nh7 18. Bxe7 Qxe7 19. f4 Qxh4 20. Qe1 f5 21. Nxh5 Qe7 22. Bf3 Bxh5 23. Bxh5+ {Van Foreest,J (2680)-Gukesh,D (2777) Wijk aan Zee NED 2025 ½-½ (51)}) ({RR} 8... Nb6 9. Ng3 Bg6 10. Nh5 Bxh5 11. Qxh5 Bd6 12. Bg3 Nf6 13. Qd1 Bxg3 14. hxg3 Qe7 15. Bd3 Nc8 16. g4 Nd6 17. g5 Nfe4 18. Bxe4 Nxe4 19. Nxe4 Qxe4 20. Kf1 O-O 21. Qc2 Rae8 22. b4 Re6 23. Qxe4 {Kasimdzhanov,R (2685)-Sethuraman,S (2527) Mashhad 2011 1-0 (36)}) 9. Ng3 Bg6 10. h4 Bxh4 11. Qb3 Bxg3 12. Bxg3 Qb6 13. Qa3 Ne7 14. Be2 a5 15. Bd6 Nc8 16. Na4 Qd8 17. Bf4 Qe7 18. Nc5 Nxc5 19. Rxc5 a4 20. Qc3 Qe4 21. Rxc6 O-O 22. Rc7 Qxg2 23. Rh2 Qg1+ 24. Bf1 Qg4 25. Bh3 Qg1+ 26. Bf1 Qg4 27. Bh3 Qg1+ 28. Ke2 Nb6 29. Qc5 Bd3+ 30. Kxd3 Qd1+ 31. Kc3 Qc1+ 32. Kd3 Qd1+ 33. Kc3 Qc1+ 34. Kd3 Qd1+ 1/2-1/2